| 000 | 00428nam a22001697a 4500 | ||
|---|---|---|---|
| 003 | NUST - PNEC | ||
| 005 | 20170116181018.0 | ||
| 008 | 150915b xxu||||| |||| 00| 0 eng d | ||
| 020 | _a0071005544 | ||
| 040 | _cLIBRARY | ||
| 082 | _a005.1 LEC | ||
| 100 |
_910489 _aLecarme, Olivier |
||
| 245 |
_aSoftware portability _cOlivier Lecarme |
||
| 260 | _cc.1987 | ||
| 650 |
_910490 _aSoftware compatibility _xMIS |
||
| 942 |
_2ddc _cBK |
||
| 999 |
_c67312 _d67312 |
||